Formel 1 Podium 1978 - Statistiken

Allgemein
  • Dieses Quiz wurde 51 mal gespielt
  • Das Durchschnittsergebnis liegt bei 9 aus 13
Antwortstatistiken
Antwort % Korrekt
Niki Lauda
100%
Mario Andretti
94%
Jody Scheckter
80%
Carlos Reutemann
77%
Alan Jones
74%
Ronnie Peterson
71%
James Hunt
69%
Gilles Villeneuve
66%
Jacques Laffite
63%
Patrick Depailler
60%
John Watson
54%
Emerson Fittipaldi
46%
Riccardo Patrese
46%
Keine übereinstimmenden Quizze gefunden
Verteilung der Resultate
Anzahl Personen mit jedem Resultat
Perzentil nach korrekt beantworteten Fragen
Ihre Resultats-Entwicklung
Sie haben dieses Quiz noch nicht gespielt